000 01003nam a22003257a 4500
003 CHAP
005 20220329135129.0
008 971013s1960 r 00010 d
010 _a31400
011 _a32372
035 _a36487
040 _cCHAP
082 _a591
_bM37 1960
100 0 0 _aMartínez, Maximino.
_972693
245 _aCurso de zoología
250 _a16 ed.
260 _aMéxico, D.F. :
_bBotas,
_c1960
300 _a284 p.
_b: ilus
500 _ac.2 sustituye c.1 de 1932
590 _aBATCH-UPD
_b10
_c20130110
_lUCH01
_h1810
590 _aBATCH-UPD
_b10
_c20130410
_lUCH01
_h1145
590 _aBATCH-UPD
_b10
_c20130914
_lUCH01
_h1802
590 _aCONVERSION
_b10
_c20130109
_lUCH01
_h1318
650 1 4 _aZoología.
_9124151
901 _aBK
942 _cLIBRO
949 _a591 M37 1960
_bBC
_cLIBRO
_d-84139
_eLIBRO
_h29246
_i36487
_si
949 _a591 M37 1960
_bBC
_cLIBRO
_d-84141
_eLIBRO
_fc.3
_h43783
_i36487
_si
949 _a591 M37 1960
_bBC
_cMUT
_d-84140
_eMUT
_fc.2
_h29251
_i36487
_si
999 _c31400
_d31400